Sports Quiz

Random Sports or Baseball Quiz

MLB Multiple World Series Winners Quiz Stats

Quiz Updated Dec 4, 2017

Challenge
Share
Tweet
Embed
Score 0/20 Timer 04:00
4 Plays Today
Wins Team % Correct
27New York Yankees
99.6%
11St. Louis Cardinals
92.3%
8Boston Red Sox
85.3%
8San Francisco Giants
83.3%
6Los Angeles Dodgers
73.2%
9Oakland Athletics
72.7%
5Cincinnati Reds
67.3%
4Detroit Tigers
66.4%
2Kansas City Royals
65%
3Chicago Cubs
64%
Wins Team % Correct
5Pittsburgh Pirates
62.9%
3Chicago White Sox
62.8%
2Miami Marlins
62.3%
2Philadelphia Phillies
60.4%
2New York Mets
60.4%
3Atlanta Braves
60.3%
2Toronto Blue Jays
60.2%
3Minnesota Twins
57.2%
2Cleveland Indians
56.9%
3Baltimore Orioles
54.7%

You're not logged in!

Compare scores with friends on all Sporcle quizzes.
Join for Free
OR
Log In

You Might Also Like...

Show Comments

Extras

Top Quizzes Today


Score Distribution

Your Account Isn't Verified!

In order to create a playlist on Sporcle, you need to verify the email address you used during registration. Go to your Sporcle Settings to finish the process.

Report this User

Report this user for behavior that violates our Community Guidelines.

Details: